| 000 | 00621nam a2200253Ia 4500 | ||
|---|---|---|---|
| 008 | 210210b2019 xxu||||| |||| 00| 0 eng d | ||
| 041 | _aeng | ||
| 082 | _a327.54057K YADY | ||
| 100 | _aYADURA MAHABALA | ||
| 245 | _aYuddha kanda: 1962 bharata mattu chaina naduvina yuddhada sutta | ||
| 260 |
_aBengaluru _bChintana prakashana _c2019 |
||
| 300 | _axiv,274 | ||
| 650 | _ayuddhada | ||
| 650 | _aYuddha | ||
| 650 | _asutta | ||
| 650 | _anaduvina | ||
| 650 | _amattu | ||
| 650 | _akanda: | ||
| 650 | _achaina | ||
| 650 | _abharata | ||
| 650 | _a1962 | ||
| 690 | _aInternational Relations | ||
| 906 | _a073975 | ||
| 999 |
_c123721 _d123721 |
||